Pequeño gigante junior: sinónimos, antónimos e ideas afines
Gorde:
| Egile nagusia: | |
|---|---|
| Formatua: | Liburua |
| Hizkuntza: | gaztelania |
| Argitaratua: |
Barcelona
Bibliográfica Internacional
2005
|
| Gaiak: | |
| Etiketak: |
Etiketa erantsi
Etiketarik gabe, Izan zaitez lehena erregistro honi etiketa jartzen!
|
MARC
| LEADER | 00000nam a2200000 a 4500 | ||
|---|---|---|---|
| 001 | UCH5145 | ||
| 003 | CL-VaPUC | ||
| 008 | 091001e20050000SP |||||||||||||||||spa|d | ||
| 020 | |a 956809086X | ||
| 082 | 0 | 4 | |a 413.1 |b MOR |2 21 |
| 100 | |a Morrison, Tirso R. M. |e autor |9 541595 | ||
| 245 | 1 | 0 | |a Pequeño gigante junior: sinónimos, antónimos e ideas afines |
| 300 | |a 514 p | ||
| 942 | |c BK | ||
| 945 | |d 20091001 00:00:00 |a rbrito | ||
| 260 | |a Barcelona |b Bibliográfica Internacional |c 2005 | ||
| 650 | 0 | |a Sinónimos y antónimos |9 255373 | |
| 650 | 7 | |a ESPAÑOL DICCIONARIOS |2 CL-VaPUC |9 260592 | |
| 583 | |a last modification |c 20091001 00:00:00 |k Rodrigo Vera | ||
| 999 | |c 336336 |d 336334 | ||
| 952 | |0 0 |1 0 |4 0 |6 413_100000000000000_MOR_2005 |7 0 |8 F |9 427497 |a BIBDER |b BIBDER |d 2019-11-22 |i 4604377 |o 413.1 MOR 2005 |p 4604377 |r 2023-01-25 |w 2019-11-22 |y BK_F |k DER | ||